Statistics for Bad NBA records

Click here to take the quiz!

General Stats

  • This quiz has been taken 62 times
  • The average score is 6 of 15

Answer Stats

Record Statistic Answer % Correct
Longest Losing Streak (2 seasons)282014-15 / 2015-16 Philadelphia 76ers
82%
Worst Coaching Record (200+ Games)47-199Brett Brown (Philadelphia 76ers)
82%
Longest Single Season Losing Streak262013-14 Philadelphia 76ers
82%
Longest Title Drought65Sacramento Kings
51%
Longest Single Season Losing Streak262010-11 Cleveland Cavaliers
48%
Worst Season Win %.1062011-12 Charlotte Bobcats
44%
Most Missed Shots In A Career14,481Kobe Bryant
39%
Worst 82 Game Record11-711997-98 Denver Nuggets
39%
Worst Active Franchise Win %.391Minnesota Timberwolves
39%
Longest Playoffs Drought12Minnesota Timberwolves
39%
Worst 3pt Contset Performance5Michael Jordan
31%
Worst Loss148-80 12/17/91Miami Heat
30%
Worst Career FT %41.5% 2,632 att.Ben Wallace
18%
Worst 3pt Shooter26.6% 2,020 att.Charles Barkley
7%
Lowest Scoring Game19-18 11/22/50Pistons vs Lakers
0%

Score Distribution

Percentile by Number Answered

Percent of People with Each Score

Your Score History

You have not taken this quiz